00935nam a2200265 a 4500001001300000003000900013005001700022008004100039020001000080082002000090100003600110245002100146260005200167300000900219500003500228505002400263650001500287700003600302902000800338942000700346952010100353952010100454952010100555999001300656nice12345678IN_TiNIC20260116011310.0050524s1956 laha grp 000 0 urd  ac10000a220.591439bBFB aBritish Foreign Bible Society,  aKitab-E-Muqaddas aLahorebBritish and Foreign Bible Societyc1956 a259p aincludes index and biblioraphy2 aBibliography, Index aBible-Urdu1 aBritish Foreign Bible Society,  bSRS cBK 00104070aHMIbHMId2018-04-11g100.00l0o220.591439 BFB p03377r0000-00-00w2026-01-16yBK 00104070aHMIbHMId2018-04-11g100.00l0o220.591439 BFBp010855r0000-00-00w2026-01-16yBK 00104070aHMIbHMId2018-04-11g100.00l0o220.591439 BFBp010875r0000-00-00w2026-01-16yBK c287d287